| 000 | 00445nam a2200181Ia 4500 | ||
|---|---|---|---|
| 005 | 20240823012127.0 | ||
| 008 | 240823s9999||||xx |||||||||||||| ||und|| | ||
| 041 | _aENGLISH | ||
| 082 | _A621.3 P2 | ||
| 100 | _aSrinivasan K | ||
| 245 | 0 | _aElectrical Engineering and Control Systems | |
| 250 | _a1st | ||
| 260 | _b"Charulatha,Ch" | ||
| 500 | _aTRANSFERED | ||
| 650 |
_aElectrical Engineering _bElectrical |
||
| 942 | _cBK | ||
| 999 |
_c163508 _d163508 |
||